000
00281nam a22001337a 4500
008
181023b xxu||||| |||| 00| 0 eng d
020
_a
9780809205073
041
_a
eng
080
_a
370
100
_a
39
101
_a
EDU
245
_a
Best Plays
_c
Loraine.H
942
_2
udc
_c
BK
999
_c
50685
_d
50685